[Event "OeISM Blitz U10 B"]
[Site "austriaU10b"]
[Date "2020.12.11"]
[Round "2"]
[White "Sunny3000"]
[Black "Lukas-2010"]
[Result "0-1"]
[WhiteElo "1620"]
[BlackElo "1862"]
[Annotator "NA RC"]
[PlyCount "108"]
[EventDate "2020.12.11"]
[EventType "blitz"]

1. e4 {[%emt 0:00:05]} c5 {[%emt 0:01:50]} 2. Nf3 {[%emt 0:00:03]} d6 {[%emt 0:00:01]} 3. d4 {[%emt 0:00:04]} cxd4 {[%emt 0:00:00]} 4. Nxd4 {[%emt 0:00:01]} Nf6 {[%emt 0:00:01]} 5. Nc3 {[%emt 0:00:03]} a6 {[%emt 0:00:01]} 6. Be3 {[%emt 0:00:02]} e6 {[%emt 0:00:02]} 7. Qd2 {[%emt 0:00:07]} b5 {[%emt 0:00:01]} 8. Be2 {[%emt 0:00:05]} b4 {[%emt 0:00:02]} 9. Na4 {[%emt 0:00:11]} Nxe4 {[%emt 0:00:01]} 10. Qd3 {[%emt 0:00:04]} Nc5 {[%emt 0:00:04]} 11. Nxc5 {[%emt 0:00:03]} dxc5 {[%emt 0:00:00]} 12. Nf3 {[%emt 0:00:01]} Qxd3 {[%emt 0:00:01]} 13. Bxd3 {[%emt 0:00:02]} Bb7 {[%emt 0:00:01]} 14. Be2 {[%emt 0:00:03]} Nd7 {[%emt 0:00:02]} 15. O-O-O {[%emt 0:00:01]} Be7 {[%emt 0:00:04]} 16. Rd2 {[%emt 0:00:05]} Nf6 {[%emt 0:00:01]} 17. Rhd1 {[%emt 0:00:07]} O-O {[%emt 0:00:06]} 18. Bg5 {[%emt 0:00:08]} Rfe8 {[%emt 0:00:04]} 19. Bxf6 {[%emt 0:00:05]} Bxf6 {[%emt 0:00:02]} 20. Rd7 {[%emt 0:00:03]} Bd5 {[%emt 0:00:01]} 21. Ne1 {[%emt 0:00:19]} Kf8 {[%emt 0:00:08]} 22. Bf3 {[%emt 0:00:06]} Bxf3 {[%emt 0:00:04]} 23. Nxf3 {[%emt 0:00:02]} Red8 {[%emt 0:00:01]} 24. R1d3 {[%emt 0:00:13]} Ke8 {[%emt 0:00:02]} 25. Rxd8+ {[%emt 0:00:03]} Rxd8 {[%emt 0:00:00]} 26. Rxd8+ {[%emt 0:00:02]} Kxd8 {[%emt 0:00:00]} 27. Kd2 {[%emt 0:00:01]} Kd7 {[%emt 0:00:01]} 28. Kd3 {[%emt 0:00:02]} Bxb2 {[%emt 0:00:01]} 29. Kc4 {[%emt 0:00:02]} Kc6 {[%emt 0:00:01]} 30. Ng5 {[%emt 0:00:03]} Bd4 {[%emt 0:00:05]} 31. Nxh7 {[%emt 0:00:13]} Bxf2 {[%emt 0:00:07]} 32. Ng5 {[%emt 0:00:05]} f5 {[%emt 0:00:12]} 33. Nxe6 {[%emt 0:00:03]} g6 {[%emt 0:00:01]} 34. Nf4 {[%emt 0:00:06]} g5 {[%emt 0:00:01]} 35. Nh3 {[%emt 0:00:02]} Be3 {[%emt 0:00:01]} 36. Kd3 {[%emt 0:00:22]} Bc1 {[%emt 0:00:03]} 37. Nf2 {[%emt 0:00:05]} Kd5 {[%emt 0:00:03]} 38. Nd1 {[%emt 0:00:05]} c4+ {[%emt 0:00:02]} 39. Ke2 {[%emt 0:00:03]} Kd4 {[%emt 0:00:01]} 40. Kf3 {[%emt 0:00:07]} a5 {[%emt 0:00:02]} 41. g3 {[%emt 0:00:11]} g4+ {[%emt 0:00:05]} 42. Kf2 {[%emt 0:00:03]} a4 {[%emt 0:00:01]} 43. Kg2 {[%emt 0:00:09]} b3 {[%emt 0:00:06]} 44. cxb3 {[%emt 0:00:08]} cxb3 {[%emt 0:00:02]} 45. axb3 {[%emt 0:00:02]} a3 {[%emt 0:00:01]} 46. h4 {[%emt 0:00:02]} a2 {[%emt 0:00:02]} 47. h5 {[%emt 0:00:05]} a1=Q {[%emt 0:00:01]} 48. Kf2 {[%emt 0:00:03]} Qa2+ {[%emt 0:00:03]} 49. Kf1 {[%emt 0:00:01]} Be3 {[%emt 0:00:02]} 50. Ke1 {[%emt 0:00:01]} Qd2+ {[%emt 0:00:01]} 51. Kf1 {[%emt 0:00:02]} Qxd1+ {[%emt 0:00:00]} 52. Kg2 {[%emt 0:00:01]} Qf3+ {[%emt 0:00:00]} 53. Kh2 {[%emt 0:00:01]} Qf2+ {[%emt 0:00:00]} 54. Kh1 {[%emt 0:00:01]} Qg1# {[%emt 0:00:00] Mate Mate} 0-1

[Event "OeISM Blitz U10 B"]
[Site "austriaU10b"]
[Date "2020.12.11"]
[Round "2"]
[White "Daniel195"]
[Black "DenizK2011"]
[Result "1-0"]
[WhiteElo "1607"]
[BlackElo "1620"]
[Annotator "NA RC"]
[PlyCount "127"]
[EventDate "2020.12.11"]
[EventType "blitz"]

1. d4 {[%emt 0:00:07]} d5 {[%emt 0:00:02]} 2. Nf3 {[%emt 0:00:02]} Nc6 {[%emt 0:00:03]} 3. e3 {[%emt 0:00:02]} Bf5 {[%emt 0:00:03]} 4. Bb5 {[%emt 0:00:02]} a6 {[%emt 0:00:03]} 5. Bxc6+ {[%emt 0:00:02]} bxc6 {[%emt 0:00:01]} 6. c4 {[%emt 0:00:02]} Be4 {[%emt 0:00:06]} 7. Nc3 {[%emt 0:00:06]} e6 {[%emt 0:00:14]} 8. Nxe4 {[%emt 0:00:07]} dxe4 {[%emt 0:00:02]} 9. Nd2 {[%emt 0:00:04]} Bb4 {[%emt 0:00:05]} 10. a3 {[%emt 0:00:03]} Bxd2+ {[%emt 0:00:03]} 11. Bxd2 {[%emt 0:00:02]} Ne7 {[%emt 0:00:01]} 12. O-O {[%emt 0:00:08]} Nf5 {[%emt 0:00:06]} 13. Qa4 {[%emt 0:00:10]} Qd7 {[%emt 0:00:11]} 14. Rad1 {[%emt 0:00:12]} Rb8 {[%emt 0:00:02]} 15. b4 {[%emt 0:00:06]} O-O {[%emt 0:00:05]} 16. Qb3 {[%emt 0:00:11]} a5 {[%emt 0:00:08]} 17. Qc2 {[%emt 0:00:10]} axb4 {[%emt 0:00:04]} 18. axb4 {[%emt 0:00:03]} Rfd8 {[%emt 0:00:07]} 19. Qxe4 {[%emt 0:00:05]} Nd6 {[%emt 0:00:07]} 20. Qc2 {[%emt 0:00:06]} Rdc8 {[%emt 0:00:07]} 21. e4 {[%emt 0:00:21]} Rb7 {[%emt 0:00:08]} 22. e5 {[%emt 0:00:06]} Nf5 {[%emt 0:00:05]} 23. Bc3 {[%emt 0:00:14]} Rcb8 {[%emt 0:00:08]} 24. Rfe1 {[%emt 0:00:07]} Ra8 {[%emt 0:00:19]} 25. Ra1 {[%emt 0:00:08]} Rba7 {[%emt 0:00:04]} 26. Rxa7 {[%emt 0:00:09]} Rxa7 {[%emt 0:00:03]} 27. Rd1 {[%emt 0:00:12]} Qc8 {[%emt 0:00:07]} 28. h3 {[%emt 0:00:04]} Qa8 {[%emt 0:00:02]} 29. Qb2 {[%emt 0:00:21]} Ra2 {[%emt 0:00:05]} 30. Ra1 {[%emt 0:00:06]} Rxa1+ {[%emt 0:00:05]} 31. Qxa1 {[%emt 0:00:00]} Qxa1+ {[%emt 0:00:03]} 32. Bxa1 {[%emt 0:00:00]} Kf8 {[%emt 0:00:04]} 33. Kf1 {[%emt 0:00:01]} Ke7 {[%emt 0:00:01]} 34. Ke2 {[%emt 0:00:01]} Kd7 {[%emt 0:00:04]} 35. Kd3 {[%emt 0:00:02]} Kc8 {[%emt 0:00:06]} 36. Ke4 {[%emt 0:00:01]} Kb7 {[%emt 0:00:03]} 37. g4 {[%emt 0:00:05]} Nh6 {[%emt 0:00:03]} 38. d5 {[%emt 0:00:05]} exd5+ {[%emt 0:00:03]} 39. cxd5 {[%emt 0:00:02]} cxd5+ {[%emt 0:00:03]} 40. Kxd5 {[%emt 0:00:01]} c6+ {[%emt 0:00:03]} 41. Kd6 {[%emt 0:00:02]} Ng8 {[%emt 0:00:03]} 42. e6 {[%emt 0:00:03]} fxe6 {[%emt 0:00:02]} 43. Kxe6 {[%emt 0:00:01]} Nh6 {[%emt 0:00:02]} 44. Bxg7 {[%emt 0:00:03]} Ng8 {[%emt 0:00:11]} 45. Kf7 {[%emt 0:00:02]} Nh6+ {[%emt 0:00:04]} 46. Bxh6 {[%emt 0:00:02]} Kb6 {[%emt 0:00:01]} 47. Bg7 {[%emt 0:00:02]} Kb5 {[%emt 0:00:02]} 48. Kg8 {[%emt 0:00:00]} Kxb4 {[%emt 0:00:03]} 49. Kxh7 {[%emt 0:00:01]} c5 {[%emt 0:00:03]} 50. g5 {[%emt 0:00:01]} c4 {[%emt 0:00:01]} 51. g6 {[%emt 0:00:01]} c3 {[%emt 0:00:01]} 52. Bxc3+ {[%emt 0:00:01]} Kxc3 {[%emt 0:00:01]} 53. g7 {[%emt 0:00:00]} Kd3 {[%emt 0:00:01]} 54. g8=Q {[%emt 0:00:01]} Ke2 {[%emt 0:00:00]} 55. f4 {[%emt 0:00:02]} Ke3 {[%emt 0:00:01]} 56. f5 {[%emt 0:00:01]} Ke4 {[%emt 0:00:01]} 57. f6 {[%emt 0:00:01]} Ke5 {[%emt 0:00:01]} 58. f7 {[%emt 0:00:01]} Ke6 {[%emt 0:00:03]} 59. f8=Q+ {[%emt 0:00:01]} Ke5 {[%emt 0:00:02]} 60. Qe7+ {[%emt 0:00:01]} Kd4 {[%emt 0:00:03]} 61. Qge6 {[%emt 0:00:01]} Kd3 {[%emt 0:00:04]} 62. Qe5 {[%emt 0:00:02]} Kc4 {[%emt 0:00:03]} 63. Q7c5+ {[%emt 0:00:03]} Kd3 {[%emt 0:00:04]} 64. Qee3# {[%emt 0:00:02] Mate Mate} 1-0

[Event "OeISM Blitz U10 B"]
[Site "austriaU10b"]
[Date "2020.12.11"]
[Round "2"]
[White "Super-Patzer"]
[Black "EdiRaber"]
[Result "0-1"]
[WhiteElo "1582"]
[BlackElo "1627"]
[Annotator "NA RC"]
[PlyCount "112"]
[EventDate "2020.12.11"]
[EventType "blitz"]

1. e4 {[%emt 0:00:03]} e5 {[%emt 0:00:02]} 2. Nf3 {[%emt 0:00:01]} Nc6 {[%emt 0:00:01]} 3. Bc4 {[%emt 0:00:01]} Bc5 {[%emt 0:00:05]} 4. c3 {[%emt 0:00:01]} d6 {[%emt 0:00:01]} 5. d4 {[%emt 0:00:02]} exd4 {[%emt 0:00:02]} 6. cxd4 {[%emt 0:00:01]} Bb4+ {[%emt 0:00:01]} 7. Nc3 {[%emt 0:00:03]} Bxc3+ {[%emt 0:00:02]} 8. bxc3 {[%emt 0:00:02]} Bg4 {[%emt 0:00:02]} 9. O-O {[%emt 0:00:02]} Nf6 {[%emt 0:00:03]} 10. Re1 {[%emt 0:00:04]} O-O {[%emt 0:00:03]} 11. h3 {[%emt 0:00:02]} Bh5 {[%emt 0:00:04]} 12. Bg5 {[%emt 0:00:06]} h6 {[%emt 0:00:02]} 13. Bh4 {[%emt 0:00:02]} Re8 {[%emt 0:00:04]} 14. d5 {[%emt 0:00:17]} Bg6 {[%emt 0:00:00]} 15. dxc6 {[%emt 0:00:04]} bxc6 {[%emt 0:00:02]} 16. Bxf6 {[%emt 0:00:13]} Qxf6 {[%emt 0:00:03]} 17. Qd3 {[%emt 0:00:09]} d5 {[%emt 0:00:03]} 18. Bb3 {[%emt 0:00:17]} dxe4 {[%emt 0:00:02]} 19. Qe3 {[%emt 0:00:10]} exf3 {[%emt 0:00:09]} 20. Qxe8+ {[%emt 0:00:02]} Rxe8 {[%emt 0:00:02]} 21. Rxe8+ {[%emt 0:00:02]} Kh7 {[%emt 0:00:01]} 22. Rae1 {[%emt 0:00:09]} fxg2 {[%emt 0:00:08]} 23. Rf8 {[%emt 0:00:04]} Bf5 {[%emt 0:00:09]} 24. Rxf7 {[%emt 0:00:13]} Qxc3 {[%emt 0:00:10]} 25. Ree7 {[%emt 0:00:07]} Bxh3 {[%emt 0:00:08]} 26. Rxg7+ {[%emt 0:00:19]} Qxg7 {[%emt 0:00:03]} 27. Rxg7+ {[%emt 0:00:01]} Kxg7 {[%emt 0:00:01]} 28. Bc2 {[%emt 0:00:07]} Kf6 {[%emt 0:00:03]} 29. Be4 {[%emt 0:00:02]} Ke5 {[%emt 0:00:04]} 30. Bxg2 {[%emt 0:00:02]} Bxg2 {[%emt 0:00:02]} 31. Kxg2 {[%emt 0:00:01]} Kf4 {[%emt 0:00:02]} 32. f3 {[%emt 0:00:02]} h5 {[%emt 0:00:02]} 33. Kf2 {[%emt 0:00:02]} h4 {[%emt 0:00:01]} 34. Kg2 {[%emt 0:00:01]} h3+ {[%emt 0:00:01]} 35. Kf2 {[%emt 0:00:02]} h2 {[%emt 0:00:02]} 36. Kg2 {[%emt 0:00:01]} h1=Q+ {[%emt 0:00:02]} 37. Kxh1 {[%emt 0:00:01]} Kxf3 {[%emt 0:00:00]} 38. Kg1 {[%emt 0:00:01]} Ke2 {[%emt 0:00:03]} 39. Kg2 {[%emt 0:00:01]} c5 {[%emt 0:00:02]} 40. Kg3 {[%emt 0:00:02]} c4 {[%emt 0:00:01]} 41. Kf4 {[%emt 0:00:01]} c3 {[%emt 0:00:01]} 42. Ke4 {[%emt 0:00:01]} c2 {[%emt 0:00:01]} 43. Kd4 {[%emt 0:00:01]} c1=Q {[%emt 0:00:01]} 44. Kd5 {[%emt 0:00:01]} Qc3 {[%emt 0:00:02]} 45. Ke4 {[%emt 0:00:04]} Qc4+ {[%emt 0:00:02]} 46. Ke5 {[%emt 0:00:01]} Kf3 {[%emt 0:00:02]} 47. Kf5 {[%emt 0:00:02]} Qc5+ {[%emt 0:00:01]} 48. Ke6 {[%emt 0:00:02]} Kf4 {[%emt 0:00:03]} 49. Kf6 {[%emt 0:00:01]} Qd6+ {[%emt 0:00:01]} 50. Kf7 {[%emt 0:00:02]} Kf5 {[%emt 0:00:01]} 51. Kg7 {[%emt 0:00:01]} Kg5 {[%emt 0:00:06]} 52. Kf7 {[%emt 0:00:02]} a5 {[%emt 0:00:01]} 53. a4 {[%emt 0:00:02]} c5 {[%emt 0:00:01]} 54. Kg7 {[%emt 0:00:02]} Qd7+ {[%emt 0:00:01]} 55. Kh8 {[%emt 0:00:03]} Kg6 {[%emt 0:00:02]} 56. Kg8 {[%emt 0:00:01]} Qd8# {[%emt 0:00:00] Mate Mate} 0-1

[Event "OeISM Blitz U10 B"]
[Site "austriaU10b"]
[Date "2020.12.11"]
[Round "2"]
[White "Janoschluis"]
[Black "BeatG10"]
[Result "1-0"]
[WhiteElo "1558"]
[BlackElo "1316"]
[Annotator "NA RC"]
[PlyCount "139"]
[EventDate "2020.12.11"]
[EventType "blitz"]

1. e4 {[%emt 0:00:04]} e6 {[%emt 0:00:02]} 2. d4 {[%emt 0:00:04]} d5 {[%emt 0:00:01]} 3. e5 {[%emt 0:00:01]} c5 {[%emt 0:00:02]} 4. c3 {[%emt 0:00:03]} Nc6 {[%emt 0:00:02]} 5. Nf3 {[%emt 0:00:02]} Qb6 {[%emt 0:00:02]} 6. a3 {[%emt 0:00:03]} a5 {[%emt 0:00:01]} 7. Nbd2 {[%emt 0:00:07]} Bd7 {[%emt 0:00:03]} 8. Be2 {[%emt 0:00:04]} cxd4 {[%emt 0:00:05]} 9. cxd4 {[%emt 0:00:04]} Nxd4 {[%emt 0:00:03]} 10. Nc4 {[%emt 0:00:14]} Nxf3+ {[%emt 0:00:15]} 11. Bxf3 {[%emt 0:00:06]} Qc7 {[%emt 0:00:15]} 12. Ne3 {[%emt 0:00:05]} Bc5 {[%emt 0:00:13]} 13. O-O {[%emt 0:00:05]} Ne7 {[%emt 0:00:10]} 14. Bd2 {[%emt 0:00:03]} Nc6 {[%emt 0:00:07]} 15. Bc3 {[%emt 0:00:15]} Nxe5 {[%emt 0:00:17]} 16. Ng4 {[%emt 0:00:11]} Nxf3+ {[%emt 0:00:07]} 17. Qxf3 {[%emt 0:00:06]} e5 {[%emt 0:00:34]} 18. b4 {[%emt 0:00:05]} axb4 {[%emt 0:00:06]} 19. axb4 {[%emt 0:00:03]} Bd6 {[%emt 0:00:03]} 20. Rxa8+ {[%emt 0:00:05]} Bc8 {[%emt 0:00:03]} 21. Raa1 {[%emt 0:00:11]} e4 {[%emt 0:00:13]} 22. Qh3 {[%emt 0:00:11]} Bxg4 {[%emt 0:00:02]} 23. Qxg4 {[%emt 0:00:03]} g6 {[%emt 0:00:14]} 24. Ra8+ {[%emt 0:00:10]} Ke7 {[%emt 0:00:03]} 25. Bxh8 {[%emt 0:00:08]} Bxh2+ {[%emt 0:00:05]} 26. Kh1 {[%emt 0:00:04]} Be5 {[%emt 0:00:16]} 27. Bxe5 {[%emt 0:00:05]} Qxe5 {[%emt 0:00:02]} 28. Kg1 {[%emt 0:00:09]} e3 {[%emt 0:00:03]} 29. fxe3 {[%emt 0:00:17]} Qxe3+ {[%emt 0:00:01]} 30. Kh1 {[%emt 0:00:07]} Qh6+ {[%emt 0:00:01]} 31. Qh3 {[%emt 0:00:04]} Qg5 {[%emt 0:00:08]} 32. Ra2 {[%emt 0:00:08]} Qe5 {[%emt 0:00:11]} 33. Raf2 {[%emt 0:00:03]} f5 {[%emt 0:00:02]} 34. Qxh7+ {[%emt 0:00:03]} Ke6 {[%emt 0:00:01]} 35. Qg8+ {[%emt 0:00:03]} Kf6 {[%emt 0:00:01]} 36. Qf8+ {[%emt 0:00:02]} Kg5 {[%emt 0:00:02]} 37. Rxf5+ {[%emt 0:00:13]} gxf5 {[%emt 0:00:07]} 38. Rxf5+ {[%emt 0:00:02]} Qxf5 {[%emt 0:00:00]} 39. Qxf5+ {[%emt 0:00:02]} Kxf5 {[%emt 0:00:00]} 40. Kh2 {[%emt 0:00:02]} Kg4 {[%emt 0:00:01]} 41. Kg1 {[%emt 0:00:07]} d4 {[%emt 0:00:08]} 42. Kf1 {[%emt 0:00:01]} Kg3 {[%emt 0:00:01]} 43. Ke2 {[%emt 0:00:02]} Kxg2 {[%emt 0:00:01]} 44. Kd3 {[%emt 0:00:01]} Kf3 {[%emt 0:00:01]} 45. Kxd4 {[%emt 0:00:01]} Kf4 {[%emt 0:00:01]} 46. Kc5 {[%emt 0:00:02]} Ke5 {[%emt 0:00:01]} 47. b5 {[%emt 0:00:03]} Ke6 {[%emt 0:00:02]} 48. Kb6 {[%emt 0:00:01]} Kd7 {[%emt 0:00:01]} 49. Kxb7 {[%emt 0:00:02]} Kd8 {[%emt 0:00:02]} 50. b6 {[%emt 0:00:02]} Kd7 {[%emt 0:00:01]} 51. Ka6 {[%emt 0:00:03]} Kc8 {[%emt 0:00:01]} 52. Ka7 {[%emt 0:00:02]} Kd7 {[%emt 0:00:02]} 53. b7 {[%emt 0:00:01]} Kc7 {[%emt 0:00:01]} 54. b8=Q+ {[%emt 0:00:02]} Kc6 {[%emt 0:00:01]} 55. Qd8 {[%emt 0:00:03]} Kc5 {[%emt 0:00:01]} 56. Kb7 {[%emt 0:00:01]} Kc4 {[%emt 0:00:01]} 57. Kc7 {[%emt 0:00:01]} Kb5 {[%emt 0:00:02]} 58. Kd6 {[%emt 0:00:02]} Kc4 {[%emt 0:00:02]} 59. Ke5 {[%emt 0:00:01]} Kc3 {[%emt 0:00:07]} 60. Qd4+ {[%emt 0:00:02]} Kc2 {[%emt 0:00:02]} 61. Ke4 {[%emt 0:00:01]} Kc1 {[%emt 0:00:01]} 62. Ke3 {[%emt 0:00:01]} Kc2 {[%emt 0:00:01]} 63. Qd3+ {[%emt 0:00:02]} Kc1 {[%emt 0:00:01]} 64. Qd2+ {[%emt 0:00:01]} Kb1 {[%emt 0:00:01]} 65. Ke2 {[%emt 0:00:01]} Ka1 {[%emt 0:00:01]} 66. Ke1 {[%emt 0:00:01]} Kb1 {[%emt 0:00:01]} 67. Kd1 {[%emt 0:00:02]} Ka1 {[%emt 0:00:01]} 68. Qb4 {[%emt 0:00:07]} Ka2 {[%emt 0:00:01]} 69. Kc2 {[%emt 0:00:02]} Ka1 {[%emt 0:00:01]} 70. Qb2# {[%emt 0:00:03] Mate Mate} 1-0

[Event "OeISM Blitz U10 B"]
[Site "austriaU10b"]
[Date "2020.12.11"]
[Round "2"]
[White "Martinovicdavid"]
[Black "Noeldep3f"]
[Result "1-0"]
[WhiteElo "1547"]
[BlackElo "1604"]
[Annotator "NA RC"]
[PlyCount "95"]
[EventDate "2020.12.11"]
[EventType "blitz"]

1. e4 {[%emt 0:00:05]} e5 {[%emt 0:00:03]} 2. Nf3 {[%emt 0:00:05]} Nc6 {[%emt 0:00:01]} 3. d4 {[%emt 0:00:04]} exd4 {[%emt 0:00:02]} 4. Nxd4 {[%emt 0:00:03]} Bc5 {[%emt 0:00:02]} 5. Be3 {[%emt 0:00:03]} d6 {[%emt 0:00:03]} 6. Nxc6 {[%emt 0:00:04]} bxc6 {[%emt 0:00:03]} 7. Bxc5 {[%emt 0:00:03]} dxc5 {[%emt 0:00:01]} 8. Qxd8+ {[%emt 0:00:04]} Kxd8 {[%emt 0:00:01]} 9. Bc4 {[%emt 0:00:03]} Be6 {[%emt 0:00:04]} 10. Bxe6 {[%emt 0:00:02]} fxe6 {[%emt 0:00:01]} 11. O-O {[%emt 0:00:03]} Ke7 {[%emt 0:00:01]} 12. Nc3 {[%emt 0:00:04]} Nf6 {[%emt 0:00:01]} 13. Rad1 {[%emt 0:00:13]} g5 {[%emt 0:00:03]} 14. h3 {[%emt 0:00:17]} h5 {[%emt 0:00:02]} 15. e5 {[%emt 0:00:04]} Nd5 {[%emt 0:00:04]} 16. Ne4 {[%emt 0:00:15]} g4 {[%emt 0:00:03]} 17. Nxc5 {[%emt 0:00:09]} gxh3 {[%emt 0:00:03]} 18. gxh3 {[%emt 0:00:21]} Rhg8+ {[%emt 0:00:03]} 19. Kh2 {[%emt 0:00:04]} Nf4 {[%emt 0:00:04]} 20. Rg1 {[%emt 0:00:04]} Nd5 {[%emt 0:00:20]} 21. Rxg8 {[%emt 0:00:08]} Rxg8 {[%emt 0:00:03]} 22. Rg1 {[%emt 0:00:05]} Rf8 {[%emt 0:00:02]} 23. Rg7+ {[%emt 0:00:15]} Ke8 {[%emt 0:00:22]} 24. Kg2 {[%emt 0:00:08]} Nf4+ {[%emt 0:00:05]} 25. Kg3 {[%emt 0:00:02]} Nd5 {[%emt 0:00:04]} 26. Nxe6 {[%emt 0:00:04]} a6 {[%emt 0:00:16]} 27. Nxf8 {[%emt 0:00:03]} Kxf8 {[%emt 0:00:02]} 28. Rh7 {[%emt 0:00:02]} Ke8 {[%emt 0:00:04]} 29. Rxh5 {[%emt 0:00:02]} Ne7 {[%emt 0:00:01]} 30. Rg5 {[%emt 0:00:02]} Kd7 {[%emt 0:00:01]} 31. h4 {[%emt 0:00:01]} Ke6 {[%emt 0:00:02]} 32. h5 {[%emt 0:00:02]} Nf5+ {[%emt 0:00:02]} 33. Rxf5 {[%emt 0:00:07]} Kxf5 {[%emt 0:00:02]} 34. f4 {[%emt 0:00:02]} Ke6 {[%emt 0:00:03]} 35. Kg4 {[%emt 0:00:07]} Kf7 {[%emt 0:00:01]} 36. Kg5 {[%emt 0:00:01]} Ke7 {[%emt 0:00:02]} 37. Kg6 {[%emt 0:00:02]} Kd7 {[%emt 0:00:01]} 38. h6 {[%emt 0:00:01]} Kc8 {[%emt 0:00:01]} 39. h7 {[%emt 0:00:01]} Kb7 {[%emt 0:00:00]} 40. h8=Q {[%emt 0:00:02]} Kb6 {[%emt 0:00:00]} 41. Qb8+ {[%emt 0:00:03]} Kc5 {[%emt 0:00:01]} 42. f5 {[%emt 0:00:03]} Kd5 {[%emt 0:00:02]} 43. f6 {[%emt 0:00:01]} Kc5 {[%emt 0:00:01]} 44. f7 {[%emt 0:00:01]} Kd4 {[%emt 0:00:01]} 45. f8=Q {[%emt 0:00:02]} Ke4 {[%emt 0:00:00]} 46. Qbb4+ {[%emt 0:00:05]} Kd5 {[%emt 0:00:01]} 47. Qd8+ {[%emt 0:00:03]} Ke6 {[%emt 0:00:02]} 48. Qbe7# {[%emt 0:00:04] Mate Mate} 1-0

[Event "OeISM Blitz U10 B"]
[Site "austriaU10b"]
[Date "2020.12.11"]
[Round "2"]
[White "Codeman1980"]
[Black "Kaljikovic"]
[Result "1-0"]
[WhiteElo "1539"]
[BlackElo "1620"]
[Annotator "NA RC"]
[PlyCount "77"]
[EventDate "2020.12.11"]
[EventType "blitz"]

1. e4 {[%emt 0:00:03]} e5 {[%emt 0:00:03]} 2. Nf3 {[%emt 0:00:03]} Nf6 {[%emt 0:00:02]} 3. Nc3 {[%emt 0:00:08]} Bb4 {[%emt 0:00:03]} 4. d3 {[%emt 0:00:07]} Bc5 {[%emt 0:00:03]} 5. Nxe5 {[%emt 0:00:09]} O-O {[%emt 0:00:04]} 6. Be2 {[%emt 0:00:07]} d6 {[%emt 0:00:05]} 7. Nf3 {[%emt 0:00:04]} Ng4 {[%emt 0:00:04]} 8. O-O {[%emt 0:00:09]} h6 {[%emt 0:00:07]} 9. d4 {[%emt 0:00:05]} Nc6 {[%emt 0:00:03]} 10. dxc5 {[%emt 0:00:04]} dxc5 {[%emt 0:00:02]} 11. Qxd8 {[%emt 0:00:03]} Rxd8 {[%emt 0:00:03]} 12. Bb5 {[%emt 0:00:05]} a6 {[%emt 0:00:04]} 13. Bxc6 {[%emt 0:00:04]} bxc6 {[%emt 0:00:03]} 14. Bf4 {[%emt 0:00:02]} Rd7 {[%emt 0:00:08]} 15. Rad1 {[%emt 0:00:05]} Rb8 {[%emt 0:00:08]} 16. b3 {[%emt 0:00:06]} a5 {[%emt 0:00:06]} 17. Rxd7 {[%emt 0:00:04]} Bxd7 {[%emt 0:00:03]} 18. Bxc7 {[%emt 0:00:01]} Rc8 {[%emt 0:00:07]} 19. Bxa5 {[%emt 0:00:02]} Be6 {[%emt 0:00:08]} 20. Bb6 {[%emt 0:00:07]} Nf6 {[%emt 0:00:04]} 21. Bxc5 {[%emt 0:00:03]} Nd7 {[%emt 0:00:05]} 22. Bd6 {[%emt 0:00:03]} Rd8 {[%emt 0:00:10]} 23. Ne5 {[%emt 0:00:13]} Nxe5 {[%emt 0:00:04]} 24. Bxe5 {[%emt 0:00:02]} Bg4 {[%emt 0:00:06]} 25. f3 {[%emt 0:00:05]} Bc8 {[%emt 0:00:07]} 26. Rd1 {[%emt 0:00:04]} Re8 {[%emt 0:00:11]} 27. Bc7 {[%emt 0:00:08]} c5 {[%emt 0:00:09]} 28. Rd8 {[%emt 0:00:07]} Rf8 {[%emt 0:00:18]} 29. Rxf8+ {[%emt 0:00:04]} Kxf8 {[%emt 0:00:04]} 30. Bd6+ {[%emt 0:00:07]} Kg8 {[%emt 0:00:09]} 31. Bxc5 {[%emt 0:00:02]} Be6 {[%emt 0:00:07]} 32. a4 {[%emt 0:00:03]} g5 {[%emt 0:00:05]} 33. Nd5 {[%emt 0:00:02]} f5 {[%emt 0:00:06]} 34. Ne7+ {[%emt 0:00:04]} Kg7 {[%emt 0:00:04]} 35. Nxf5+ {[%emt 0:00:04]} Kf6 {[%emt 0:00:04]} 36. a5 {[%emt 0:00:10]} Ke5 {[%emt 0:00:02]} 37. Bd4+ {[%emt 0:00:11]} Kf4 {[%emt 0:00:03]} 38. Kf2 {[%emt 0:00:06]} Bd7 {[%emt 0:00:07]} 39. g3# {[%emt 0:00:02] (Lag: Av=1.04s, max=1.2s) Mate} 1-0

[Event "OeISM Blitz U10 B"]
[Site "austriaU10b"]
[Date "2020.12.11"]
[Round "3"]
[White "Lukas-2010"]
[Black "Codeman1980"]
[Result "1-0"]
[WhiteElo "1869"]
[BlackElo "1585"]
[Annotator "NA RC"]
[PlyCount "101"]
[EventDate "2020.12.11"]
[EventType "blitz"]

1. e4 {[%emt 0:00:01]} c5 {[%emt 0:00:03]} 2. Nf3 {[%emt 0:00:02]} d6 {[%emt 0:00:02]} 3. d4 {[%emt 0:00:02]} cxd4 {[%emt 0:00:02]} 4. Nxd4 {[%emt 0:00:00]} Nf6 {[%emt 0:00:02]} 5. Nc3 {[%emt 0:00:01]} g6 {[%emt 0:00:04]} 6. Be3 {[%emt 0:00:03]} Bg7 {[%emt 0:00:02]} 7. f3 {[%emt 0:00:01]} O-O {[%emt 0:00:01]} 8. Qd2 {[%emt 0:00:02]} Nc6 {[%emt 0:00:02]} 9. O-O-O {[%emt 0:00:01]} d5 {[%emt 0:00:02]} 10. Kb1 {[%emt 0:00:08]} Rb8 {[%emt 0:00:02]} 11. Bf4 {[%emt 0:00:17]} e5 {[%emt 0:00:03]} 12. Nxc6 {[%emt 0:00:02]} bxc6 {[%emt 0:00:07]} 13. Bxe5 {[%emt 0:00:02]} Ra8 {[%emt 0:00:13]} 14. exd5 {[%emt 0:00:08]} cxd5 {[%emt 0:00:09]} 15. Nxd5 {[%emt 0:00:07]} Qxd5 {[%emt 0:00:23]} 16. Qxd5 {[%emt 0:00:03]} Nxd5 {[%emt 0:00:02]} 17. Bxg7 {[%emt 0:00:01]} Kxg7 {[%emt 0:00:02]} 18. Rxd5 {[%emt 0:00:01]} Be6 {[%emt 0:00:02]} 19. Rd1 {[%emt 0:00:01]} Rfd8 {[%emt 0:00:02]} 20. Bd3 {[%emt 0:00:04]} Rd6 {[%emt 0:00:16]} 21. Kc1 {[%emt 0:00:06]} Rad8 {[%emt 0:00:04]} 22. a3 {[%emt 0:00:03]} f5 {[%emt 0:00:18]} 23. Bb5 {[%emt 0:00:06]} Rxd1+ {[%emt 0:00:07]} 24. Rxd1 {[%emt 0:00:00]} Rxd1+ {[%emt 0:00:08]} 25. Kxd1 {[%emt 0:00:00]} Kf6 {[%emt 0:00:02]} 26. f4 {[%emt 0:00:02]} g5 {[%emt 0:00:03]} 27. g3 {[%emt 0:00:02]} Bd5 {[%emt 0:00:05]} 28. c4 {[%emt 0:00:05]} Bf3+ {[%emt 0:00:13]} 29. Kd2 {[%emt 0:00:01]} gxf4 {[%emt 0:00:01]} 30. gxf4 {[%emt 0:00:00]} Kg6 {[%emt 0:00:02]} 31. Be8+ {[%emt 0:00:01]} Kh6 {[%emt 0:00:03]} 32. Ke3 {[%emt 0:00:01]} Bb7 {[%emt 0:00:11]} 33. c5 {[%emt 0:00:01]} Bc8 {[%emt 0:00:04]} 34. c6 {[%emt 0:00:01]} Kg7 {[%emt 0:00:03]} 35. Bd7 {[%emt 0:00:01]} Ba6 {[%emt 0:00:06]} 36. c7 {[%emt 0:00:01]} Kf6 {[%emt 0:00:04]} 37. c8=Q {[%emt 0:00:01]} Bxc8 {[%emt 0:00:03]} 38. Bxc8 {[%emt 0:00:00]} h5 {[%emt 0:00:06]} 39. b4 {[%emt 0:00:01]} Kg6 {[%emt 0:00:05]} 40. b5 {[%emt 0:00:01]} h4 {[%emt 0:00:03]} 41. a4 {[%emt 0:00:01]} h3 {[%emt 0:00:04]} 42. a5 {[%emt 0:00:02]} Kf6 {[%emt 0:00:01]} 43. b6 {[%emt 0:00:01]} axb6 {[%emt 0:00:02]} 44. axb6 {[%emt 0:00:00]} Kg6 {[%emt 0:00:04]} 45. b7 {[%emt 0:00:00]} Kf6 {[%emt 0:00:02]} 46. b8=Q {[%emt 0:00:02]} Kg6 {[%emt 0:00:03]} 47. Qe5 {[%emt 0:00:02]} Kf7 {[%emt 0:00:05]} 48. Bxf5 {[%emt 0:00:02]} Kf8 {[%emt 0:00:05]} 49. Qc7 {[%emt 0:00:02]} Kg8 {[%emt 0:00:06]} 50. Qe7 {[%emt 0:00:03]} Kh8 {[%emt 0:00:02]} 51. Qf8# {[%emt 0:00:00] Mate} 1-0